000 00730nam a2200205 a 4500
001 BRL_1789
005 20190320211353.0
008 300715s1936----ag-a######---#000-0#ger-#
041 _ager
050 4 _aHQ1
_b.W57 1936
245 1 0 _aWissen und können hochschule des praktischen lebens
_cHerausgegeben von der Wirtschaftlichen Vereinigung für Neuzeitliche Lebenskunde und Rationelle Haushaltführung.
260 _aWien
_bVerlagsbuchhandlung Hutter
_c1936.
300 _a1111 p.
_bil.
_c25 cm.
500 _aAu1965
650 1 4 _aVida cotidiana
_vGuias
_927883
710 2 _aWirtschaftlichen Vereinigung für Neuzeitliche Lebenskunde
_927884
710 2 _aRationelle Haushaltführung
_927885
902 _aGRL
942 _2lcc
_cB
999 _c10597
_d10597